Sports Quiz

Random Sports or NFL Quiz

Football As Football (German) Quiz Stats

 Plays Quiz not verified by Sporcle

Score 0/32 Timer 04:00
0 Plays Today
% Correct
New York Jets
88.3%
New Orleans Saints
87.1%
Houston Texans
86.7%
Miami Dolphins
86.4%
Buffalo Bills
84.9%
Indianapolis Colts
84.1%
Tampa Bay Buccaneers
82.9%
Oakland Raiders
80.7%
Pittsburgh Steelers
80.6%
Denver Broncos
79%
Cleveland Browns
78.9%
Green Bay Packers
78.5%
Tennessee Titans
78.4%
Los Angeles Chargers
78.3%
Kansas City Chiefs
78.3%
Dallas Cowboys
77.6%
% Correct
New York Giants
77.3%
Cincinnati Bengals
77%
Washington Redskins
77%
San Francisco 49ers
76.9%
Minnesota Vikings
76.2%
Baltimore Ravens
75.9%
Chicago Bears
75.8%
Seattle Seahawks
75.4%
New England Patriots
75.3%
Los Angeles Rams
74.6%
Arizona Cardinals
72.6%
Carolina Panthers
71.1%
Atlanta Falcons
65.8%
Jacksonville Jaguars
64.6%
Detroit Lions
64.5%
Philadelphia Eagles
57.6%

You're not logged in!

Compare scores with friends on all Sporcle quizzes.
OR
Log In

Sporcle TV

Today on Sporcle TV


Watch our educational content, quiz creation guides, and fun videos on Sporcle TV.

Show Comments

Extras

Top Quizzes Today


Score Distribution

Your Account Isn't Verified!

In order to create a playlist on Sporcle, you need to verify the email address you used during registration. Go to your Sporcle Settings to finish the process.

Report this User

Report this user for behavior that violates our Community Guidelines.

Details: